02040cam a2200301 i 450000100090000000300050000900500170001400800410003101000170007202000180008904000340010704200080014105000270014908200080017610000370018424500520022125000190027326400320029230000240032433600260034833700280037433800270040252002330042952009040066265500280156665500190159477601250161323817434CSPC20260122171238.0240809t20252025nyu 000 1 eng  a 2024029832 a9780593974087 aDLCbengerdacDLCdDLCdCSPC apcc00aPR9550.9.S68bW38 2025 aFIC1 aYambao, Samantha Sotto,eauthor.10aWater moon :ba novel /cSamantha Sotto Yambao. aFirst edition. 1aNew York :bDel Rey,c2025. a372 pages ;c22 cm. atextbtxt2rdacontent aunmediatedbn2rdamedia avolumebnc2rdacarrier a"A woman inherits a pawnshop where you can sell your regrets, and then embarks on a magical journey when a charming young physicist wanders into the shop, in this dreamlike and enchanting fantasy novel"--cProvided by publisher. a"On a backstreet in Tokyo lies a pawnshop, but not everyone can find it. Most will see a cozy ramen restaurant. And only the chosen ones—those who are lost—will find a place to pawn their life choices and deepest regrets. Hana Ishikawa wakes on her first morning as the pawnshop’s new owner to find it ransacked, the shop’s most precious acquisition stolen, and her father missing. And then into the shop stumbles a charming stranger, quite unlike its other customers, for he offers help instead of seeking it. Together, they must journey through a mystical world to find Hana’s father and the stolen choice—by way of rain puddles, rides on paper cranes, the bridge between midnight and morning, and a night market in the clouds. But as they get closer to the truth, Hana must reveal a secret of her own—and risk making a choice that she will never be able to take back." -- Back cover 7aFantasy fiction.2lcgft 7aNovels.2lcgft08iOnline version:aSotto, Samantha.tWater moon.bFirst editiondNew York : Del Rey, 2025z9780593725009w(DLC) 2024029833